Click The Danish Cities On A Map - Statistics

General Stats
  • This quiz has been taken 14 times
  • The average score is 12 of 20
Answers on the Map
Answers color-coded by a green-red scale on the quiz's map according to % correct below.
 
Answer Stats
Answer % Correct
Copenhagen
100%
Odense
100%
Slagelse
80%
Aarhus
70%
Esbjerg
70%
Herning
70%
Roskilde
70%
Aabenraa
60%
Aalborg
60%
Frederikshavn
60%
Nykøbing Falster
50%
Rønne
50%
Thisted
50%
Vejle
50%
Viborg
50%
Næstved
40%
Randers
40%
Silkeborg
40%
Svendborg
40%
Kolding
30%
No matching quizzes found
Score Distribution
Percent of People with Each Score
Percentile by Number Answered
Your Score History
You have not taken this quiz